[Event "World Chess Olympiad 2018"]
[Site "Batumi"]
[Date "2018.09.26"]
[Round "3"]
[Board "3"]
[WhiteFideId "15702391"]
[White "Tilahun Abel Mathewos"]
[BlackFideId "10804714"]
[Black "Methu Joseph Muragu"]
[Result "0-1"]
[LiveChessVersion "1.4.8"]
[BlackElo "2041"]
[WhiteElo "2015"]

1. d4 {[%clk 1:30:55]} Nf6 {[%clk 1:30:56]} 2. c4 {[%clk 1:31:20]} g6
{[%clk 1:31:23]} 3. Nc3 {[%clk 1:31:42]} Bg7 {[%clk 1:31:48]} 4. e4
{[%clk 1:32:04]} O-O {[%clk 1:32:14]} 5. f3 {[%clk 1:32:01]} d6 {[%clk 1:32:40]}
6. Be3 {[%clk 1:32:21]} c5 {[%clk 1:33:00]} 7. Nge2 {[%clk 1:32:28]} cxd4
{[%clk 1:31:52]} 8. Nxd4 {[%clk 1:32:32]} Nc6 {[%clk 1:32:16]} 9. Qd2
{[%clk 1:31:32]} e6 {[%clk 1:32:45]} 10. Be2 {[%clk 1:28:17]} d5 {[%clk 1:33:10]}
11. cxd5 {[%clk 1:26:44]} exd5 {[%clk 1:33:38]} 12. exd5 {[%clk 1:21:28]} Nxd5
{[%clk 1:34:01]} 13. Nxc6 {[%clk 1:19:50]} bxc6 {[%clk 1:33:11]} 14. Nxd5
{[%clk 1:18:49]} cxd5 {[%clk 1:32:46]} 15. O-O {[%clk 1:18:31]} Re8
{[%clk 1:32:21]} 16. Bf2 {[%clk 1:16:33]} Rb8 {[%clk 1:32:24]} 17. Rab1
{[%clk 1:11:37]} Bf5 {[%clk 1:30:06]} 18. Bd3 {[%clk 1:11:24]} Bxd3
{[%clk 1:28:54]} 19. Qxd3 {[%clk 1:11:47]} Rxb2 {[%clk 1:29:03]} 20. Rxb2
{[%clk 1:11:41]} Bxb2 {[%clk 1:29:32]} 21. Qb5 {[%clk 1:00:06]} Bf6
{[%clk 1:24:39]} 22. Bxa7 {[%clk 0:58:20]} Qa8 {[%clk 1:25:02]} 23. Bb6
{[%clk 0:50:22]} Rb8 {[%clk 1:24:56]} 24. a4 {[%clk 0:49:46]} Bd4+
{[%clk 1:25:00]} 25. Bxd4 {[%clk 0:49:25]} Rxb5 {[%clk 1:25:26]} 26. axb5
{[%clk 0:48:50]} Qa4 {[%clk 1:25:30]} 27. Be3 {[%clk 0:39:51]} Qxb5
{[%clk 1:25:52]} 28. Rd1 {[%clk 0:38:24]} Qe2 {[%clk 1:23:27]} 0-1

[Event "World Chess Olympiad 2018"]
[Site "Batumi"]
[Date "2018.09.26"]
[Round "3"]
[Board "4"]
[WhiteFideId "10802185"]
[White "Sang Ricky"]
[BlackFideId "10801839"]
[Black "Abera Aydagnuhem Gezachew"]
[Result "1/2-1/2"]
[LiveChessVersion "1.4.8"]
[BlackElo "2116"]
[WhiteElo "1959"]

1. e4 {[%clk 1:30:51]} e5 {[%clk 1:30:35]} 2. Nf3 {[%clk 1:31:13]} Nc6
{[%clk 1:30:58]} 3. Bc4 {[%clk 1:31:28]} Bc5 {[%clk 1:30:40]} 4. c3
{[%clk 1:31:30]} Nge7 {[%clk 1:28:54]} 5. d4 {[%clk 1:26:48]} exd4
{[%clk 1:27:45]} 6. cxd4 {[%clk 1:27:11]} Bb4+ {[%clk 1:27:41]} 7. Bd2
{[%clk 1:25:00]} Bxd2+ {[%clk 1:25:43]} 8. Nbxd2 {[%clk 1:24:04]} d5
{[%clk 1:24:55]} 9. exd5 {[%clk 1:21:45]} Nxd5 {[%clk 1:24:27]} 10. O-O
{[%clk 1:13:19]} O-O {[%clk 1:24:28]} 11. h3 {[%clk 1:13:09]} Nb6
{[%clk 1:20:48]} 12. Bb3 {[%clk 1:11:54]} Nxd4 {[%clk 1:19:51]} 13. Nxd4
{[%clk 1:12:04]} Qxd4 {[%clk 1:19:51]} 14. Qc2 {[%clk 1:12:12]} Be6
{[%clk 1:15:16]} 15. Bxe6 {[%clk 1:10:32]} fxe6 {[%clk 1:13:22]} 16. Nf3
{[%clk 1:07:52]} Qf4 {[%clk 1:01:43]} 17. Rfe1 {[%clk 1:04:54]} Rae8
{[%clk 0:58:34]} 18. Re4 {[%clk 1:03:51]} Qd6 {[%clk 0:54:33]} 19. Ng5
{[%clk 0:42:18]} g6 {[%clk 0:50:54]} 20. Rae1 {[%clk 0:33:58]} e5
{[%clk 0:37:02]} 21. Nf3 {[%clk 0:32:16]} Nd5 {[%clk 0:27:41]} 22. Nxe5
{[%clk 0:29:56]} c6 {[%clk 0:25:58]} 23. Ng4 {[%clk 0:28:45]} Rxe4
{[%clk 0:23:34]} 24. Qxe4 {[%clk 0:28:52]} h5 {[%clk 0:22:21]} 25. Ne3
{[%clk 0:23:16]} Nxe3 {[%clk 0:19:14]} 26. Qxe3 {[%clk 0:22:17]} c5
{[%clk 0:16:30]} 27. Qb3+ {[%clk 0:20:21]} Rf7 {[%clk 0:15:43]} 28. Re6
{[%clk 0:17:51]} Qf4 {[%clk 0:10:33]} 29. Rxg6+ {[%clk 0:13:52]} Kh7
{[%clk 0:08:02]} 30. Qc2 {[%clk 0:10:28]} Qxf2+ {[%clk 0:07:43]} 31. Qxf2
{[%clk 0:10:50]} Rxf2 {[%clk 0:07:52]} 32. Kxf2 {[%clk 0:09:20]} Kxg6
{[%clk 0:08:18]} 33. g3 {[%clk 0:09:08]} Kf5 {[%clk 0:08:26]} 34. Ke3
{[%clk 0:09:15]} b5 {[%clk 0:06:04]} 35. b3 {[%clk 0:08:14]} Ke5 {[%clk 0:04:40]}
36. Kd3 {[%clk 0:05:59]} a6 {[%clk 0:03:43]} 37. a4 {[%clk 0:03:52]} Kd5
{[%clk 0:02:50]} 38. a5 {[%clk 0:03:36]} Ke5 {[%clk 0:02:45]} 39. g4
{[%clk 0:03:28]} hxg4 {[%clk 0:01:32]} 40. hxg4 {[%clk 0:33:52]} Kf4
{[%clk 0:31:49]} 41. g5 {[%clk 0:29:59]} Kxg5 {[%clk 0:30:51]} 42. Ke4
{[%clk 0:25:47]} Kf6 {[%clk 0:27:05]} 43. Kd5 {[%clk 0:25:51]} c4
{[%clk 0:26:46]} 44. bxc4 {[%clk 0:26:15]} bxc4 {[%clk 0:26:52]} 45. Kxc4
{[%clk 0:26:37]} Ke6 {[%clk 0:26:50]} 46. Kc5 {[%clk 0:26:57]} Kd7
{[%clk 0:27:01]} 47. Kb6 {[%clk 0:27:20]} Kc8 {[%clk 0:27:05]} 48. Ka7
{[%clk 0:27:43]} Kc7 {[%clk 0:27:11]} 49. Kxa6 {[%clk 0:28:06]} Kb8 1/2-1/2

[Event "World Chess Olympiad 2018"]
[Site "Batumi"]
[Date "2018.09.26"]
[Round "3"]
[Board "1"]
[WhiteFideId "12600083"]
[White "Hasford John Kojo"]
[BlackFideId "9100024"]
[Black "Fancy Stuart"]
[Result "1-0"]
[LiveChessVersion "1.4.8"]
[BlackElo "1950"]
[WhiteElo "2042"]

1. d4 {[%clk 1:30:51]} g6 {[%clk 1:30:53]} 2. c4 {[%clk 1:31:07]} Bg7
{[%clk 1:31:20]} 3. Nc3 {[%clk 1:31:03]} d6 {[%clk 1:31:45]} 4. Nf3
{[%clk 1:31:23]} Bg4 {[%clk 1:31:41]} 5. h3 {[%clk 1:31:19]} Bxf3
{[%clk 1:32:00]} 6. exf3 {[%clk 1:31:39]} Nc6 {[%clk 1:31:52]} 7. d5
{[%clk 1:30:37]} Nd4 {[%clk 1:31:45]} 8. Bd3 {[%clk 1:30:12]} c5 {[%clk 1:28:48]}
9. O-O {[%clk 1:28:29]} Nf6 {[%clk 1:25:07]} 10. Re1 {[%clk 1:25:35]} O-O
{[%clk 1:24:33]} 11. Bg5 {[%clk 1:25:53]} h6 {[%clk 1:24:22]} 12. Be3
{[%clk 1:25:31]} Nd7 {[%clk 1:23:21]} 13. Qd2 {[%clk 1:24:57]} Kh7
{[%clk 1:22:32]} 14. f4 {[%clk 1:24:54]} f5 {[%clk 1:20:56]} 15. Ne2
{[%clk 1:23:45]} Nxe2+ {[%clk 1:17:30]} 16. Rxe2 {[%clk 1:24:03]} h5
{[%clk 1:12:04]} 17. Qc2 {[%clk 1:23:36]} Nf6 {[%clk 1:11:11]} 18. Bd2
{[%clk 1:22:19]} b5 {[%clk 1:09:33]} 19. Rae1 {[%clk 1:21:51]} bxc4
{[%clk 0:58:57]} 20. Bxc4 {[%clk 1:11:22]} Ne4 {[%clk 0:58:31]} 21. Bc1
{[%clk 1:10:52]} Rf7 {[%clk 0:52:24]} 22. Kh2 {[%clk 1:09:08]} Qd7
{[%clk 0:41:15]} 23. f3 {[%clk 1:07:08]} Nf6 {[%clk 0:41:24]} 24. Re6
{[%clk 1:05:17]} Qb7 {[%clk 0:33:17]} 25. Qd3 {[%clk 1:03:50]} Ng8
{[%clk 0:27:39]} 26. b3 {[%clk 1:03:09]} a5 {[%clk 0:26:50]} 27. a4
{[%clk 1:03:27]} Nf6 {[%clk 0:24:03]} 28. Bd2 {[%clk 0:59:33]} Kg8
{[%clk 0:21:57]} 29. g3 {[%clk 0:59:15]} Kf8 {[%clk 0:22:06]} 30. Rg1
{[%clk 0:57:02]} Bh8 {[%clk 0:18:39]} 31. Bc3 {[%clk 0:54:35]} Ra7
{[%clk 0:17:59]} 32. Qd2 {[%clk 0:51:34]} Nxd5 {[%clk 0:16:46]} 33. Bxh8
{[%clk 0:50:49]} 1-0

[Event "World Chess Olympiad 2018"]
[Site "Batumi"]
[Date "2018.09.26"]
[Round "3"]
[Board "2"]
[WhiteFideId "9100075"]
[White "Press Shaun"]
[BlackFideId "12600407"]
[Black "Mensah Joseph Jamena"]
[Result "0-1"]
[LiveChessVersion "1.4.8"]
[BlackElo "1999"]
[WhiteElo "1935"]

1. e4 {[%clk 1:30:57]} e5 {[%clk 1:30:58]} 2. Nf3 {[%clk 1:31:16]} Nc6
{[%clk 1:31:26]} 3. Bb5 {[%clk 1:31:37]} a6 {[%clk 1:31:39]} 4. Ba4
{[%clk 1:32:00]} Nge7 {[%clk 1:32:01]} 5. O-O {[%clk 1:32:06]} g6
{[%clk 1:32:27]} 6. c3 {[%clk 1:31:11]} Bg7 {[%clk 1:32:40]} 7. d4
{[%clk 1:30:46]} exd4 {[%clk 1:32:52]} 8. cxd4 {[%clk 1:31:10]} d5
{[%clk 1:33:14]} 9. exd5 {[%clk 1:23:20]} Nxd5 {[%clk 1:33:14]} 10. Re1+
{[%clk 1:20:09]} Be6 {[%clk 1:32:08]} 11. Bxc6+ {[%clk 1:07:19]} bxc6
{[%clk 1:32:18]} 12. Ne5 {[%clk 1:07:25]} Qd6 {[%clk 1:26:37]} 13. Nc3
{[%clk 1:01:20]} O-O {[%clk 1:15:21]} 14. Ne4 {[%clk 1:00:36]} Qb4
{[%clk 1:11:56]} 15. Nxc6 {[%clk 0:57:51]} Qb6 {[%clk 1:06:26]} 16. Ne5
{[%clk 0:55:59]} Rad8 {[%clk 1:06:07]} 17. Nc5 {[%clk 0:51:14]} Bf5
{[%clk 1:03:56]} 18. Qb3 {[%clk 0:41:54]} Nb4 {[%clk 1:02:22]} 19. Nc4
{[%clk 0:34:33]} Qb5 {[%clk 0:51:23]} 20. Na3 {[%clk 0:30:50]} Qb8
{[%clk 0:50:21]} 21. Bd2 {[%clk 0:20:06]} a5 {[%clk 0:45:17]} 22. Bc3
{[%clk 0:15:52]} Bxd4 {[%clk 0:43:45]} 23. Bxd4 {[%clk 0:15:15]} Rxd4
{[%clk 0:44:08]} 24. Rac1 {[%clk 0:13:46]} Qd8 {[%clk 0:38:24]} 25. Nb5
{[%clk 0:07:50]} Rd2 {[%clk 0:36:45]} 26. Red1 {[%clk 0:03:59]} a4
{[%clk 0:20:37]} 27. Qf3 {[%clk 0:03:33]} Nxa2 {[%clk 0:20:06]} 28. Rxd2
{[%clk 0:01:11]} Qxd2 {[%clk 0:20:09]} 29. Rd1 {[%clk 0:01:39]} Qxb2
{[%clk 0:19:42]} 30. Nxc7 {[%clk 0:01:40]} Nc3 {[%clk 0:16:36]} 31. Re1
{[%clk 0:01:02]} a3 {[%clk 0:16:44]} 32. Nd5 {[%clk 0:00:44]} Nxd5
{[%clk 0:13:33]} 33. Qxd5 {[%clk 0:01:04]} a2 {[%clk 0:13:36]} 34. Qd1
{[%clk 0:01:12]} Bb1 {[%clk 0:13:06]} 35. Nb3 {[%clk 0:01:15]} Bc2
{[%clk 0:13:24]} 0-1

[Event "World Chess Olympiad 2018"]
[Site "Batumi"]
[Date "2018.09.26"]
[Round "3"]
[Board "3"]
[WhiteFideId "12600784"]
[White "Ajavon Anthony Obieni"]
[BlackFideId "9100032"]
[Black "Marko Helmut"]
[Result "1/2-1/2"]
[LiveChessVersion "1.4.8"]
[BlackElo "1902"]
[WhiteElo "1902"]

1. d4 {[%clk 1:30:57]} d5 {[%clk 1:30:46]} 2. Nf3 {[%clk 1:30:51]} Nf6
{[%clk 1:30:43]} 3. c4 {[%clk 1:30:18]} c6 {[%clk 1:29:07]} 4. Qc2
{[%clk 1:28:10]} e6 {[%clk 1:23:50]} 5. e3 {[%clk 1:22:29]} Nbd7 {[%clk 1:22:59]}
6. Nbd2 {[%clk 1:21:37]} Be7 {[%clk 1:21:05]} 7. Bd3 {[%clk 1:16:02]} h6
{[%clk 1:20:33]} 8. b3 {[%clk 1:14:40]} O-O {[%clk 1:17:20]} 9. Bb2
{[%clk 1:12:05]} b6 {[%clk 1:15:02]} 10. O-O {[%clk 1:06:47]} Bb7
{[%clk 1:14:18]} 11. Rfd1 {[%clk 1:03:39]} Rc8 {[%clk 1:11:42]} 12. Nf1
{[%clk 1:03:34]} Qc7 {[%clk 1:03:19]} 13. Rac1 {[%clk 1:01:46]} Qb8
{[%clk 0:57:37]} 14. Ng3 {[%clk 0:58:55]} c5 {[%clk 0:56:00]} 15. Qe2
{[%clk 0:58:12]} Rfd8 {[%clk 0:52:37]} 16. a3 {[%clk 0:53:39]} Ne4
{[%clk 0:50:57]} 17. cxd5 {[%clk 0:46:31]} Nxg3 {[%clk 0:46:08]} 18. hxg3
{[%clk 0:46:59]} Bxd5 {[%clk 0:45:09]} 19. Nd2 {[%clk 0:45:25]} cxd4
{[%clk 0:43:17]} 20. exd4 {[%clk 0:44:43]} Nf6 {[%clk 0:38:48]} 21. Rxc8
{[%clk 0:40:05]} Rxc8 {[%clk 0:38:01]} 22. Bc4 {[%clk 0:39:27]} Qd6
{[%clk 0:36:05]} 23. Nf1 {[%clk 0:35:58]} Bb7 {[%clk 0:25:18]} 24. Ne3
{[%clk 0:33:22]} Nd5 {[%clk 0:24:13]} 25. Ng4 {[%clk 0:28:08]} b5
{[%clk 0:20:37]} 26. Bxb5 {[%clk 0:21:13]} Nc3 {[%clk 0:19:57]} 27. Bxc3
{[%clk 0:21:38]} Rxc3 {[%clk 0:20:17]} 28. Bc4 {[%clk 0:19:58]} Qxa3
{[%clk 0:19:27]} 29. Ne5 {[%clk 0:17:21]} Rc1 {[%clk 0:18:29]} 30. Kh2
{[%clk 0:14:24]} Rxd1 {[%clk 0:14:45]} 31. Qxd1 {[%clk 0:14:51]} Bf6
{[%clk 0:12:54]} 32. Qe2 {[%clk 0:08:49]} Qd6 {[%clk 0:12:03]} 33. Qe3
{[%clk 0:06:40]} Bd5 {[%clk 0:10:39]} 34. Ng4 {[%clk 0:02:40]} Bd8
{[%clk 0:09:20]} 35. Qe5 {[%clk 0:01:39]} Qd7 {[%clk 0:07:49]} 36. Bxd5
{[%clk 0:00:59]} Qxd5 {[%clk 0:06:41]} 37. Qxd5 {[%clk 0:00:47]} exd5
{[%clk 0:07:08]} 38. Ne3 {[%clk 0:00:36]} Bb6 {[%clk 0:07:23]} 39. Nxd5
{[%clk 0:00:57]} Bxd4 {[%clk 0:07:46]} 40. f3 {[%clk 0:30:47]} f6
{[%clk 0:37:16]} 41. g4 {[%clk 0:30:50]} Kf7 {[%clk 0:37:24]} 42. Kh3
{[%clk 0:29:15]} g5 {[%clk 0:35:29]} 43. Nb4 {[%clk 0:26:17]} Ke6
{[%clk 0:35:22]} 44. g3 {[%clk 0:23:53]} Kd6 {[%clk 0:35:24]} 45. Kg2
{[%clk 0:23:52]} a5 {[%clk 0:35:08]} 46. Nc2 {[%clk 0:23:05]} Kd5
{[%clk 0:35:18]} 47. Kf1 {[%clk 0:23:05]} Bc5 {[%clk 0:33:33]} 48. Kg2
{[%clk 0:23:15]} Ke5 {[%clk 0:33:44]} 49. Kh3 {[%clk 0:22:58]} f5
{[%clk 0:31:50]} 50. gxf5 {[%clk 0:23:20]} Kxf5 {[%clk 0:32:08]} 51. Kg2
{[%clk 0:23:40]} h5 {[%clk 0:32:02]} 52. Ne1 {[%clk 0:18:19]} Ke5
{[%clk 0:28:59]} 53. Nc2 {[%clk 0:12:58]} g4 {[%clk 0:28:28]} 54. fxg4
{[%clk 0:09:27]} hxg4 {[%clk 0:28:48]} 55. Kf1 {[%clk 0:09:45]} Ke4
{[%clk 0:28:39]} 56. Ke2 {[%clk 0:09:56]} Bb6 {[%clk 0:26:20]} 57. Na3
{[%clk 0:03:13]} Kd4 {[%clk 0:25:20]} 58. Nb5+ {[%clk 0:01:17]} Kc5
{[%clk 0:23:50]} 59. Nc3 {[%clk 0:01:44]} Bd8 {[%clk 0:21:17]} 60. Kd3
{[%clk 0:00:57]} Kb4 {[%clk 0:20:56]} 61. Kc2 {[%clk 0:01:24]} Ka3
{[%clk 0:20:01]} 62. Nd5 {[%clk 0:01:25]} Bg5 {[%clk 0:19:42]} 63. Nc3
{[%clk 0:01:26]} Bf6 {[%clk 0:19:10]} 64. Nd5 {[%clk 0:01:00]} Bd4
{[%clk 0:18:41]} 65. Nc3 {[%clk 0:00:43]} Be5 {[%clk 0:18:17]} 66. Ne4
{[%clk 0:00:45]} Kb4 {[%clk 0:17:50]} 67. Nf2 {[%clk 0:01:01]} Bxg3
{[%clk 0:17:26]} 68. Nxg4 {[%clk 0:01:29]} 1/2-1/2

[Event "World Chess Olympiad 2018"]
[Site "Batumi"]
[Date "2018.09.26"]
[Round "3"]
[Board "4"]
[WhiteFideId "9100121"]
[White "Jones Rupert"]
[BlackFideId "12600750"]
[Black "Adu Jnr Lionel"]
[Result "1/2-1/2"]
[LiveChessVersion "1.4.8"]
[BlackElo "1896"]
[WhiteElo "1790"]

1. e4 {[%clk 1:30:55]} c6 {[%clk 1:30:51]} 2. Nf3 {[%clk 1:30:40]} d5
{[%clk 1:31:19]} 3. exd5 {[%clk 1:30:03]} cxd5 {[%clk 1:31:47]} 4. Ne5
{[%clk 1:29:46]} a6 {[%clk 1:31:52]} 5. d4 {[%clk 1:28:34]} Nf6 {[%clk 1:29:26]}
6. Bd3 {[%clk 1:27:11]} g6 {[%clk 1:29:12]} 7. O-O {[%clk 1:23:35]} Bg7
{[%clk 1:29:40]} 8. c3 {[%clk 1:18:43]} O-O {[%clk 1:29:58]} 9. Bf4
{[%clk 1:18:25]} Qb6 {[%clk 1:26:18]} 10. Qc2 {[%clk 1:10:04]} Nc6
{[%clk 1:24:27]} 11. Nd2 {[%clk 1:06:05]} Nxe5 {[%clk 1:19:00]} 12. Bxe5
{[%clk 1:05:11]} Bd7 {[%clk 1:18:20]} 13. a4 {[%clk 1:00:53]} Rac8
{[%clk 1:18:37]} 14. a5 {[%clk 0:59:52]} Qc6 {[%clk 1:10:25]} 15. Rfe1
{[%clk 0:50:51]} Rfe8 {[%clk 1:04:47]} 16. Nb3 {[%clk 0:49:33]} Ng4
{[%clk 1:03:23]} 17. Bxg7 {[%clk 0:47:38]} Kxg7 {[%clk 1:03:39]} 18. h3
{[%clk 0:47:45]} Nh6 {[%clk 1:00:17]} 19. Nd2 {[%clk 0:40:05]} Qf6
{[%clk 0:51:22]} 20. Re5 {[%clk 0:36:22]} Qd6 {[%clk 0:45:41]} 21. Qb3
{[%clk 0:31:16]} Bc6 {[%clk 0:43:05]} 22. Rae1 {[%clk 0:23:59]} Ng8
{[%clk 0:38:31]} 23. Nf3 {[%clk 0:22:31]} f6 {[%clk 0:28:28]} 24. Re6
{[%clk 0:20:19]} Qf4 {[%clk 0:27:35]} 25. Qd1 {[%clk 0:17:12]} Bd7
{[%clk 0:26:44]} 26. Rb6 {[%clk 0:17:23]} Bc6 {[%clk 0:24:35]} 27. Re6
{[%clk 0:12:07]} Kf7 {[%clk 0:19:26]} 28. Qe1 {[%clk 0:12:24]} Bd7
{[%clk 0:19:03]} 29. Re3 {[%clk 0:12:41]} Qc7 {[%clk 0:17:00]} 30. Nd2
{[%clk 0:11:12]} e5 {[%clk 0:12:38]} 31. dxe5 {[%clk 0:09:10]} Rxe5
{[%clk 0:12:45]} 32. Nf3 {[%clk 0:07:44]} Rxe3 {[%clk 0:11:31]} 33. Qxe3
{[%clk 0:07:46]} Re8 {[%clk 0:11:28]} 34. Qd2 {[%clk 0:07:28]} Re6
{[%clk 0:06:30]} 35. Rxe6 {[%clk 0:06:49]} Bxe6 {[%clk 0:06:56]} 36. b4
{[%clk 0:05:38]} Kg7 {[%clk 0:06:02]} 37. Nd4 {[%clk 0:05:04]} Bf7
{[%clk 0:06:18]} 38. Nb3 {[%clk 0:03:29]} Ne7 {[%clk 0:05:49]} 39. Nc5 Nc6
{[%clk 0:05:33]} 40. Be2 {[%clk 0:31:10]} Nxa5 {[%clk 0:31:59]} 41. Bf3
{[%clk 0:29:53]} Nc4 {[%clk 0:31:14]} 42. Qd4 {[%clk 0:27:11]} Nb6
{[%clk 0:24:16]} 43. g3 {[%clk 0:27:06]} Qc6 {[%clk 0:21:18]} 44. Qe3
{[%clk 0:22:11]} Nd7 {[%clk 0:19:20]} 45. Nb3 {[%clk 0:20:48]} Ne5
{[%clk 0:15:18]} 46. Bg2 {[%clk 0:20:26]} b6 {[%clk 0:14:17]} 47. Nd4
{[%clk 0:17:43]} Qa4 {[%clk 0:11:30]} 48. f4 {[%clk 0:16:46]} Nd7
{[%clk 0:09:09]} 49. Qe7 {[%clk 0:16:05]} Nf8 {[%clk 0:07:53]} 50. Bxd5
{[%clk 0:13:12]} Qd1+ {[%clk 0:07:58]} 51. Kf2 {[%clk 0:12:51]} Qd2+
{[%clk 0:07:26]} 52. Kf1 {[%clk 0:12:29]} Qd3+ {[%clk 0:05:21]} 53. Kf2
{[%clk 0:12:35]} Qd2+ {[%clk 0:05:28]} 54. Kf1 {[%clk 0:12:37]} 1/2-1/2

[Event "World Chess Olympiad 2018"]
[Site "Batumi"]
[Date "2018.09.26"]
[Round "3"]
[Board "1"]
[WhiteFideId "9800336"]
[White "Pillay Harish"]
[BlackFideId "21500150"]
[Black "Al Ghamdi Ahmed M"]
[Result "0-1"]
[LiveChessVersion "1.4.8"]
[BlackElo "2126"]
[WhiteElo "1250"]

1. d4 {[%clk 1:30:40]} Nf6 {[%clk 1:30:46]} 2. c4 {[%clk 1:30:57]} g6
{[%clk 1:31:02]} 3. Nc3 {[%clk 1:31:01]} Bg7 {[%clk 1:31:21]} 4. e4
{[%clk 1:31:07]} d6 {[%clk 1:31:43]} 5. Nf3 {[%clk 1:31:00]} O-O {[%clk 1:32:04]}
6. Be2 {[%clk 1:30:54]} Nbd7 {[%clk 1:32:22]} 7. O-O {[%clk 1:30:46]} e5
{[%clk 1:32:37]} 8. Be3 {[%clk 1:30:19]} exd4 {[%clk 1:30:36]} 9. Nxd4 Re8
{[%clk 1:30:51]} 10. Bf3 {[%clk 1:29:29]} Ne5 {[%clk 1:30:58]} 11. Be2
{[%clk 1:28:27]} Neg4 {[%clk 1:30:39]} 12. Bg5 {[%clk 1:27:35]} h6
{[%clk 1:29:31]} 13. Bxf6 {[%clk 1:26:56]} Nxf6 {[%clk 1:29:59]} 14. Bd3
{[%clk 1:25:25]} Nh5 {[%clk 1:29:30]} 15. Nf3 {[%clk 1:23:37]} Nf4
{[%clk 1:29:35]} 16. Qd2 {[%clk 1:19:35]} Qf6 {[%clk 1:29:13]} 17. h3
{[%clk 1:18:18]} Nxh3+ {[%clk 1:29:15]} 18. Kh1 {[%clk 1:16:34]} Nf4
{[%clk 1:27:14]} 19. Nd5 {[%clk 1:16:13]} Nxd5 {[%clk 1:27:35]} 20. exd5
{[%clk 1:15:52]} Bg4 {[%clk 1:27:48]} 21. Nh2 {[%clk 1:13:59]} Bd7
{[%clk 1:27:31]} 22. Nf3 {[%clk 1:12:14]} b6 {[%clk 1:26:43]} 23. b3
{[%clk 1:11:52]} Bg4 {[%clk 1:26:50]} 24. Nh2 {[%clk 1:11:14]} Qh4
{[%clk 1:27:14]} 25. Qf4 {[%clk 1:10:33]} Be5 {[%clk 1:27:31]} 26. g3
{[%clk 1:09:58]} Bxf4 {[%clk 1:26:43]} 27. gxh4 {[%clk 1:10:05]} Bh3
{[%clk 1:25:47]} 28. Rg1 {[%clk 1:09:45]} Be5 {[%clk 1:25:51]} 29. Rad1
{[%clk 1:09:46]} h5 {[%clk 1:26:00]} 30. Nf3 {[%clk 1:09:14]} Bf6
{[%clk 1:26:29]} 31. Nh2 {[%clk 1:08:39]} Bxh4 {[%clk 1:26:24]} 32. Rd2
{[%clk 1:08:11]} Kf8 {[%clk 1:25:48]} 33. Nf3 {[%clk 1:06:32]} Bf6
{[%clk 1:26:07]} 34. Rg3 {[%clk 1:06:11]} Bg4 {[%clk 1:26:09]} 35. Nh2
{[%clk 1:05:51]} Bd7 {[%clk 1:25:56]} 36. Rf3 {[%clk 1:05:01]} Re1+
{[%clk 1:25:30]} 37. Kg2 {[%clk 1:04:23]} Kg7 {[%clk 1:25:24]} 38. Re2
{[%clk 1:00:31]} Ra1 {[%clk 1:25:37]} 39. Rfe3 {[%clk 0:59:34]} h4
{[%clk 1:25:24]} 40. Re1 {[%clk 1:28:43]} h3+ {[%clk 1:55:28]} 41. Kg3
{[%clk 1:28:56]} Rxe1 {[%clk 1:55:43]} 42. Rxe1 {[%clk 1:29:03]} Rh8
{[%clk 1:55:15]} 43. Nf1 {[%clk 1:28:23]} g5 {[%clk 1:55:23]} 44. Kh2
{[%clk 1:27:01]} Be5+ {[%clk 1:55:32]} 45. Kh1 {[%clk 1:26:26]} f5
{[%clk 1:55:36]} 46. Nd2 {[%clk 1:25:31]} Kf6 {[%clk 1:55:30]} 47. Nf3
{[%clk 1:23:30]} g4 {[%clk 1:55:35]} 48. Ng1 {[%clk 1:21:42]} f4 {[%clk 1:55:07]}
49. Be4 {[%clk 1:20:31]} Bf5 {[%clk 1:55:21]} 50. Bxf5 {[%clk 1:20:05]} Kxf5
{[%clk 1:55:36]} 51. b4 {[%clk 1:20:01]} f3 {[%clk 1:55:08]} 52. Rc1
{[%clk 1:18:49]} Bd4 {[%clk 1:55:04]} 53. Rd1 {[%clk 1:18:25]} Bxf2
{[%clk 1:55:16]} 54. Rd2 {[%clk 1:18:14]} Be3 {[%clk 1:55:37]} 55. Rd3
{[%clk 1:17:50]} f2 {[%clk 1:55:55]} 56. Rd1 {[%clk 1:16:54]} g3 {[%clk 1:56:03]}
57. Nf3 {[%clk 1:16:52]} g2+ {[%clk 1:56:25]} 58. Kh2 {[%clk 1:16:37]} Bf4#
{[%clk 1:56:52]} 0-1

[Event "World Chess Olympiad 2018"]
[Site "Batumi"]
[Date "2018.09.26"]
[Round "3"]
[Board "2"]
[WhiteFideId "21501564"]
[White "Masrahi Abdulrahman A"]
[BlackFideId "24613959"]
[Black "Stratonowitsch Andre"]
[Result "1/2-1/2"]
[LiveChessVersion "1.4.8"]
[BlackElo "2138"]
[WhiteElo "1879"]

1. d4 {[%clk 1:30:57]} Nf6 {[%clk 1:30:50]} 2. Nf3 {[%clk 1:31:19]} d5
{[%clk 1:30:42]} 3. Bf4 {[%clk 1:31:37]} g6 {[%clk 1:30:51]} 4. e3
{[%clk 1:31:49]} Bg7 {[%clk 1:31:18]} 5. Be2 {[%clk 1:30:58]} O-O
{[%clk 1:31:31]} 6. h3 {[%clk 1:29:38]} c5 {[%clk 1:31:36]} 7. c3
{[%clk 1:29:58]} Nc6 {[%clk 1:31:36]} 8. O-O {[%clk 1:29:58]} Nd7
{[%clk 1:31:50]} 9. Nbd2 {[%clk 1:28:03]} Re8 {[%clk 1:26:38]} 10. Nb3
{[%clk 1:21:45]} cxd4 {[%clk 1:04:54]} 11. cxd4 {[%clk 1:21:55]} e5
{[%clk 1:05:08]} 12. dxe5 {[%clk 1:14:28]} Ndxe5 {[%clk 1:05:33]} 13. Nfd4
{[%clk 1:13:58]} Qb6 {[%clk 1:01:42]} 14. Rc1 {[%clk 1:06:43]} Nxd4
{[%clk 0:54:58]} 15. Nxd4 {[%clk 1:06:33]} Bd7 {[%clk 0:52:46]} 16. Qd2
{[%clk 0:58:51]} Rac8 {[%clk 0:50:48]} 17. b3 {[%clk 0:56:38]} a6
{[%clk 0:51:06]} 18. Rfd1 {[%clk 0:54:16]} Rxc1 {[%clk 0:48:05]} 19. Rxc1
{[%clk 0:52:05]} Nc6 {[%clk 0:48:19]} 20. Nxc6 {[%clk 0:48:39]} Bxc6
{[%clk 0:45:34]} 21. Rd1 {[%clk 0:45:42]} Rd8 {[%clk 0:38:40]} 22. Bf3
{[%clk 0:41:42]} d4 {[%clk 0:35:39]} 23. Bxc6 {[%clk 0:41:59]} Qxc6
{[%clk 0:35:37]} 24. Qa5 {[%clk 0:39:02]} Rd5 {[%clk 0:31:46]} 25. Qc7
{[%clk 0:37:10]} Qxc7 {[%clk 0:25:19]} 26. Bxc7 {[%clk 0:35:18]} d3
{[%clk 0:23:58]} 27. e4 {[%clk 0:33:49]} Rd4 {[%clk 0:20:04]} 28. f3
{[%clk 0:31:49]} Rd7 {[%clk 0:14:37]} 29. Bb6 {[%clk 0:31:01]} Bc3
{[%clk 0:11:28]} 30. Kf2 {[%clk 0:30:41]} Rd6 {[%clk 0:11:07]} 31. Be3
{[%clk 0:25:05]} f6 {[%clk 0:10:15]} 32. Bd2 {[%clk 0:24:02]} Bd4+
{[%clk 0:10:29]} 33. Be3 {[%clk 0:23:44]} Bc3 {[%clk 0:10:34]} 34. Bd2
{[%clk 0:22:36]} 1/2-1/2